000 00617nam a22002057a 4500
999 _c18540
_d18540
003 AR-CdUCM
008 190514b ||||| |||| 00| 0 spa d
040 _aMUNICIPALIDAD PROVINCIAL DEL CUSCO
_cBIBLIOTECA MUNICIPAL DEL CUSCO
082 _a868.64 /
_bB61 / 1931
100 _aBlasco IbaƱez, V.
_939189
245 _aSangre y Arena /
260 _aBuenos Aires :
_bBiblioteca las grandes obras,
_c1931.
300 _a272 paginas ;
_c19 cm.
500 _aNovela e historia
650 _aNovela
_9572
650 _aHistoria
_9136
650 _aLiteratura
_983
942 _2ddc
_cLIBROS
945 _apjha
_d2019-05-14